Biblioteca

Hermeneia (Registro nro. 65051)

Detalles MARC
000 -LÍDER
Campo fijo de descripción fija 02288cam a2200625 i 4500
001 - NÚMERO DE CONTROL
Campo de control 768714001
003 - IDENTIFICADOR DEL NÚMERO DE CONTROL
Campo de control CO-MdFUSB
005 - FECHA Y HORA DE LA ULTIMA TRANSACCIÓN
control field 20220531142622.0
008 - ELEMENTOS DE LONGITUD FIJA -- INFORMACIÓN GENERAL
Campo fijo de descripción fija -- Información general 190516t1971 ge |||g |||| 00| 0 eng d
020 ## - NÚMERO INTERNACIONAL NORMALIZADO PARA LIBROS
Número Internacional Normalizado del libro 2009015700
Información adicional (Las Odas de Salomón)
020 ## - NÚMERO INTERNACIONAL NORMALIZADO PARA LIBROS
Número Internacional Normalizado del libro 0800660056
Información adicional (1 Corintios)
020 ## - NÚMERO INTERNACIONAL NORMALIZADO PARA LIBROS
Número Internacional Normalizado del libro 0800660099
Información adicional (Galatas)
020 ## - NÚMERO INTERNACIONAL NORMALIZADO PARA LIBROS
Número Internacional Normalizado del libro 0800660013
Información adicional (Colosenses y Filemón)
020 ## - NÚMERO INTERNACIONAL NORMALIZADO PARA LIBROS
Número Internacional Normalizado del libro 0800660064
Información adicional (Santiago)
020 ## - NÚMERO INTERNACIONAL NORMALIZADO PARA LIBROS
Número Internacional Normalizado del libro 080066003x
Información adicional Epístolas de Juan
020 ## - NÚMERO INTERNACIONAL NORMALIZADO PARA LIBROS
Número Internacional Normalizado del libro 0800660048
Información adicional Hosea
020 ## - NÚMERO INTERNACIONAL NORMALIZADO PARA LIBROS
Número Internacional Normalizado del libro 9780800660802
Información adicional 1 Isaías
020 ## - NÚMERO INTERNACIONAL NORMALIZADO PARA LIBROS
Número Internacional Normalizado del libro 080066017X
Información adicional Jeremías 1
020 ## - NÚMERO INTERNACIONAL NORMALIZADO PARA LIBROS
Número Internacional Normalizado del libro 0800660226
Información adicional Jeremías 2
020 ## - NÚMERO INTERNACIONAL NORMALIZADO PARA LIBROS
Número Internacional Normalizado del libro 0800660404
Información adicional Daniel
020 ## - NÚMERO INTERNACIONAL NORMALIZADO PARA LIBROS
Número Internacional Normalizado del libro 0800660234
Información adicional Amos
020 ## - NÚMERO INTERNACIONAL NORMALIZADO PARA LIBROS
Número Internacional Normalizado del libro 0800660242
Información adicional El cantar de los Cantares
020 ## - NÚMERO INTERNACIONAL NORMALIZADO PARA LIBROS
Número Internacional Normalizado del libro 0800660129
Información adicional Miqueas
040 ## - FUENTE DE CATALOGACIÓN
Agencia de catalogación original CO-MdFUSB
Idioma de catalogación spa
Agencia que realiza la transcripción CO-MdFUSB
Agencia que realiza la modificación CO-MdFUSBC
Convenciones de la descripción rda
041 ## - CÓDIGO DE IDIOMA
Código de idioma para texto/pista de sonido o título separado eng
Código de idioma original ger
082 ## - NÚMERO DE CLASIFICACIÓN DECIMAL DEWEY
Número de la edición del Dewey 24
Número de clasificación R 225.7
Clave de autor-Numero de item H553
245 10 - TÍTULO
Título del Material Hermeneia
Parte restante del título - Subtitulo : a critical and historical commentary on the Bible
Mención de responsabilidad, etc. / Frank Moore Cross ...[y otros doce autores ]; editado por Helmut Koester
264 #1 - PRODUCCIÓN, PUBLICACIÓN, DISTRIBUCIÓN, MANUFACTURA, Y COPYRIGHT
Lugar de producción, publicación, distribución, manufactura Philadelphia, Pennsylvania :
Nombre del productor, publicador, distribuidor Fortress Press,
Fecha de producción, publicación, distribución, manufactura, o copyright [1971]
264 #4 - PRODUCCIÓN, PUBLICACIÓN, DISTRIBUCIÓN, MANUFACTURA, Y COPYRIGHT
Fecha de producción, publicación, distribución, manufactura, o copyright © 1971
300 ## - DESCRIPCIÓN FÍSICA
Extensión volumenes
Dimensiones ; 24 cm
336 ## - TIPO DE CONTENIDO
Fuente rdacontent
Término de tipo de contenido texto
Código de tipo de contenido txt
337 ## - TIPO DE MEDIO
Fuente rdamedia
Nombre del tipo de medio sin mediación
Código del tipo de medio n
338 ## - TIPO DE SOPORTE
Fuente rdacarrier
Nombre del tipo de soporte volumen
Código Tipo de soporte nc
490 ## - MENCIÓN DE SERIE
Mención de serie Hermeneia--a critical and historical commentary on the Bible.
501 ## - NOTA DE “CON”
Nota de Contenido Incluye índices
504 ## - NOTA DE BIBLIOGRAFÍA, ETC.
Nota de bibliografía, etc Incluye bibliografía
505 ## - NOTA DE CONTENIDO
Nota de contenido con formato preestablecido -- Vol. 7a: 1 Corintios / Hans Conzelmann -- Vol. 8: Galatas / Hans Dieter Betz -- Vol. 11: Colosenses y Filemón / Eduard Lohse -- Vol. 17: Santiago / Martin Dibelius -- Vol. 21: Epístolas de Juan / Rudolph Bultmann -- Vol. 37: Las Odas de Salomón / Michael Lattke
563 ## - NOTA DE ENCUADERNACIÓN
Nota de encuadernación Pasta dura
630 07 - TITULO UNIFORME
Título uniforme Biblia.
Nombre de parte o sección de la obra Corintios, 1ª
630 07 - TITULO UNIFORME
Título uniforme Biblia.
Nombre de parte o sección de la obra Galatas
630 07 - TITULO UNIFORME
Título uniforme Biblia.
Nombre de parte o sección de la obra Colosenses
630 07 - TITULO UNIFORME
Título uniforme Biblia.
Nombre de parte o sección de la obra Filemón
630 07 - TITULO UNIFORME
Título uniforme Biblia.
Nombre de parte o sección de la obra Santiago
630 07 - TITULO UNIFORME
Título uniforme Biblia.
Nombre de parte o sección de la obra Juan, 1ª
630 07 - TITULO UNIFORME
Título uniforme Biblia
Nombre de parte o sección de la obra Isaías
630 07 - TITULO UNIFORME
Título uniforme Biblia.
Nombre de parte o sección de la obra Jeremías
630 07 - TITULO UNIFORME
Título uniforme Biblia.
Nombre de parte o sección de la obra Daniel
630 07 - TITULO UNIFORME
Título uniforme Biblia.
Nombre de parte o sección de la obra Amos
630 07 - TITULO UNIFORME
Título uniforme Biblia.
Nombre de parte o sección de la obra Cantares
630 07 - TITULO UNIFORME
Título uniforme Biblia.
Nombre de parte o sección de la obra Miqueas
653 ## - TÉRMINO DE INDIZACIÓN - NO CONTROLADO
Término no controlado Comentarios Bíblicos
942 ## - TIPO DE MATERIAL (KOHA)
Tipo de Item KOHA Libros de Referencia
945 ## - INFORMACIÓN LOCAL DEL REGISTRO
Catalogador JTF-925
Existencias
Estado de Material Estado de Perdido Forma de Clasificación Estado de Dañado No para Préstamo Colección Biblioteca de Origen Biblioteca Permanente Fecha de Adquisición Forma de Adquisición Área Total de Préstamos Signatura Topográfica Código de Barras Última vez visto Ejemplar/Existencia Fecha de Remplazo Tipo de Material
    Dewey Decimal Classification     Colección de Referencia Biblioteca FUSBC Biblioteca FUSBC 16/05/2019 Compra BIBLIA   R 225.7 H553 13327 23/02/2022 Vol. 17, ej. 1 16/05/2019 Libros de Referencia
    Dewey Decimal Classification     Colección de Referencia Biblioteca FUSBC Biblioteca FUSBC 31/07/2019   BIBLIA   R 225.7 H553 11125 12/12/2019 Vol. 7a, ej. 1 31/07/2019 Libros de Referencia
    Dewey Decimal Classification     Colección de Referencia Biblioteca FUSBC Biblioteca FUSBC 31/07/2019   BIBLIA   R 225.7 H553 12933 29/07/2023 Vol. 8, ej. 1 31/07/2019 Libros de Referencia
    Dewey Decimal Classification     Colección de Referencia Biblioteca FUSBC Biblioteca FUSBC 31/07/2019   BIBLIA   R 225.7 H553 13009 15/03/2021 Vol. 11, ej. 1 31/07/2019 Libros de Referencia
    Dewey Decimal Classification     Colección de Referencia Biblioteca FUSBC Biblioteca FUSBC 31/07/2019   BIBLIA   R 225.7 H553 13545 12/12/2019 Vol. 21, ej. 1 31/07/2019 Libros de Referencia

Biblioteca FUSBC | Teléfono: (57+4) 349 88 10 Ext. 141| WhatsApp (+57) 3005338115 
E-mail: biblioteca@unisbc.edu.co | Calle 76 87-14 Robledo Palenque, Medellín, Colombia

Con tecnología Koha